| 000 | 00489nam a2200181Ia 4500 | ||
|---|---|---|---|
| 008 | 230917s9999||||xx |||||||||||||| ||und|| | ||
| 020 | _cGBP29.99 | ||
| 040 |
_e229109 _aMAIN |
||
| 041 | _aEnglish | ||
| 082 | _a647.94 S15E(2) | ||
| 100 | _aSlattery, Paul | ||
| 245 | 0 | _aEconomic ascent of the hotel business | |
| 250 | _a2nd ed. | ||
| 260 |
_aOxford _bGoodfellow Publishing _c2012 |
||
| 300 | _axii, 272 p. | ||
| 500 | _a2166 09/11/2015 PBA15/466 10/11/2015 IHTM (SFS) | ||
| 942 | _cBK | ||
| 999 |
_c16498 _d16498 |
||